000 00287nam a2200121Ia 4500
005 20251222153628.0
008 251222s9999||||xx |||||||||||||| ||spa||
082 _a624.151/H93/Ej.3
100 _aHumala Aybar, Genaro
245 0 _aMecánica de Suelos I:
264 _bUNI
942 _cLIB
999 _c32243
_d32243